Fyzika ve škole. Roč. 8, č. 1 - 10, 1969/70

Bibliographic Details
Format: Book
Language:Undetermined
Published: Praha Státní pedagogické nakladatelství 1969
Edition:1. vyd.

MARC

LEADER 00000nam a2200000 a 4500
001 vtls001465766
003 SK-MaSNL
005 20260416165620.0
008 210928s1969 xx 0 und
035 |a SNK000421071 
040 |a SNK  |b slo  |c SNK  |e AACR2 
245 1 |a Fyzika ve škole. Roč. 8, č. 1 - 10, 1969/70 
250 |a 1. vyd. 
260 |a Praha  |b Státní pedagogické nakladatelství  |c 1969 
958 |a OND 
999 |c 1160127  |d 1162057 
952 |t P60, <06>, [ISSBD], {606}  |a SNK  |b SNK  |y PREZ  |7 0  |p 17A0407231  |o snkČD 531/8/1969/70  |i snkČIP 879/71  |0 0  |1 1  |4 0  |d 2004-01-08  |l 0  |r 2005-01-02 00:00:00  |w 2026-02-24 
952 |t č. 1-10  |a SNK  |b SNK  |y PREZ  |7 0  |p 17A1348875  |o snkČD 531/7/1968-1969  |i snkČIP 890/70  |0 0  |1 0  |4 0  |d 2023-05-03  |l 0  |r 2026-02-24 20:30:29  |w 2026-02-24